El Crimen de Alberto Lobo

Збережено в:
Бібліографічні деталі
Автор: Chacón Trejos, Gonzalo
Формат: Книга
Мова:Undetermined
Опубліковано: San José, Costa Rica Editorial Costa Rica 1971
Предмети:
Теги: Додати тег
Немає тегів, Будьте першим, хто поставить тег для цього запису!

MARC

LEADER 00000nam a2200000Ia 4500
008 170316s9999 xx 000 0 und d
040 |a cru BVZT 
090 |a 868 CH-1c 
100 |a Chacón Trejos, Gonzalo 
245 |a El Crimen de Alberto Lobo 
260 |a San José, Costa Rica  |b Editorial Costa Rica  |c 1971 
300 |a 124 páginas 
650 |a LITERATURA COSTARRICENSE 
942 |c 15 D 
999 |c 10870  |d 10870